Statistics for Highest Mountains of Countries

Click here to take the quiz!

General Stats

  • This quiz has been taken 68 times
  • The average score is 15 of 21

Answer Stats

MountainCountry% Correct
EverestChina / Nepal
98%
OlympusGreece
98%
KilimanjaroTanzania
98%
BlancFrance / Italy
96%
FujiJapan
96%
K2China / Pakistan
91%
AraratTurkey
87%
Aoraki / CookNew Zealand
83%
DenaliUnited States
83%
Ben NevisUnited Kingdom
80%
AconcaguaArgentina
78%
ElbrusRussia
78%
HvannadalshnúkurIceland
76%
ZugspitzeGermany
72%
GrossglocknerAustria
69%
LoganCanada
69%
Ojos del SaladoChile
54%
MoldoveanuRomania
52%
HermonIsrael
35%
DamavandIran
28%
HallasanSouth Korea
17%

Score Distribution

Percentile by Number Answered

Percent of People with Each Score

Your Score History

You have not taken this quiz